Analizë e teknologjisë WorldWide Interoperability For microwave Access ( WiMAX) dhe Logn Term Evolution (LTE) (Record no. 45424)
[ view plain ]
| 000 -LEADER | |
|---|---|
| fixed length control field | 00356nam a22001217a 4500 |
| 008 - FIXED-LENGTH DATA ELEMENTS--GENERAL INFORMATION | |
| fixed length control field | 180423b xxu||||| |||| 00| 0 eng d |
| 041 ## - LANGUAGE CODE | |
| Language code of text/sound track or separate title | eng |
| 080 ## - UNIVERSAL DECIMAL CLASSIFICATION NUMBER | |
| Universal Decimal Classification number | 043.3 |
| 100 ## - Rafti | |
| Rafti | 0 |
| 101 ## - Shkurtesa | |
| Shkurtesa | SHKI-BTH |
| 245 ## - TITLE STATEMENT | |
| Title | Analizë e teknologjisë WorldWide Interoperability For microwave Access ( WiMAX) dhe Logn Term Evolution (LTE) |
| Statement of responsibility, etc | Jashari,A |
| 942 ## - ADDED ENTRY ELEMENTS (KOHA) | |
| Source of classification or shelving scheme | |
| Item type | Books |
| Withdrawn status | Lost status | Source of classification or shelving scheme | Damaged status | Not for loan | Collection code | Permanent location | Current location | Shelving location | Date acquired | Total Checkouts | Full call number | Barcode | Date last seen | Price effective from | Koha item type |
|---|---|---|---|---|---|---|---|---|---|---|---|---|---|---|---|
| Koleksioni i përgjithshem | UBT - Lipjan | UBT - Lipjan | Disertacionet | 04/23/2018 | 043.3 Jashari, A 2016 | 002-3002648 | 04/23/2018 | 04/23/2018 | Books | ||||||
| Koleksioni i përgjithshem | UBT - Lipjan | UBT - Lipjan | Disertacionet | 04/23/2018 | 043.3 Jashari, A 2016 | 002-3002653 | 04/23/2018 | 04/23/2018 | Books |